Welcome to WEB OPAC of MRSPTU Central Library

Software Testing : Principle and Practices (Record no. 6932)

MARC details
000 -LEADER
fixed length control field 00471nam a2200181Ia 4500
008 - FIXED-LENGTH DATA ELEMENTS--GENERAL INFORMATION
fixed length control field 230711s9999||||xx |||||||||||||| ||und||
020 ## - INTERNATIONAL STANDARD BOOK NUMBER
International Standard Book Number 978-81-775-8121-8
041 ## - LANGUAGE CODE
Language code of text/sound track or separate title ENG
082 ## - DEWEY DECIMAL CLASSIFICATION NUMBER
Classification number 5.14
Item number DE-S
100 ## - MAIN ENTRY--PERSONAL NAME
Personal name Desikan, Srinivasan
245 #0 - TITLE STATEMENT
Title Software Testing : Principle and Practices
250 ## - EDITION STATEMENT
Edition statement 1st Impression Ed.
260 ## - PUBLICATION, DISTRIBUTION, ETC.
Date of publication, distribution, etc. 2011
Place of publication, distribution, etc. New Delhi
Name of publisher, distributor, etc. Pearson
300 ## - PHYSICAL DESCRIPTION
Extent 486p.
650 ## - SUBJECT ADDED ENTRY--TOPICAL TERM
Topical term or geographic name entry element Computer Engineering
700 ## - ADDED ENTRY--PERSONAL NAME
Personal name Ramesh,Gopalaswamy
942 ## - ADDED ENTRY ELEMENTS (KOHA)
Koha item type Book
Holdings
Withdrawn status Lost status Damaged status Not for loan Collection Home library Current library Date acquired Source of acquisition Cost, normal purchase price Inventory number Total checkouts Full call number Barcode Date last seen Price effective from Koha item type Date last checked out
          MRSPTU Central Library MRSPTU Central Library   Technical Bureau India PVT.LTD 635.00 TB46844713   5.14 DE-S 40952 08/17/2023 08/17/2023 Book  
          MRSPTU Central Library MRSPTU Central Library   Technical Bureau India PVT.LTD 635.00 TB46844713   5.14 DE-S 40953 08/17/2023 08/17/2023 Book  
          MRSPTU Central Library MRSPTU Central Library   Technical Bureau India PVT.LTD 635.00 TB46844713 3 5.14 DE-S 40954 03/22/2024 08/17/2023 Book 03/07/2024
          MRSPTU Central Library MRSPTU Central Library   Technical Bureau India PVT.LTD 635.00 TB46844713   5.14 DE-S 40955 08/17/2023 08/17/2023 Book  
          MRSPTU Central Library MRSPTU Central Library   Technical Bureau India PVT.LTD 635.00 TB46844713 1 5.14 DE-S 40956 04/15/2025 08/17/2023 Book 03/27/2025

Website Designed and Developed by MRSPTU Central Library Team

E-mail Id: librarian@mrsptu.ac.in